Entry Personal Name
Number of records used in: 1
001 - CONTROL NUMBER
003 - CONTROL NUMBER IDENTIFIER
005 - DATE AND TIME OF LATEST TRANSACTION
- control field:
20221109113313.0
008 - FIXED-LENGTH DATA ELEMENTS
- fixed length control field:
030325n| acannaabn |n aaa
010 ## - LIBRARY OF CONGRESS CONTROL NUMBER
- LC control number:
n 2003007867
040 ## - CATALOGING SOURCE
- Original cataloging agency:
DLC
- Language of cataloging:
eng
- Transcribing agency:
DLC
100 1# - HEADING--PERSONAL NAME
- Personal name:
Ringo, John,
- Dates associated with a name:
1943-
670 ## - SOURCE DATA FOUND
- Source citation:
Ringo, John. Fundamental genetics, 2003:
- Information found:
CIP t.p. (John Ringo, University of Maine) data sheet, etc. (b. Nov. 25, 1943; prof. of biology at the Univ. of Maine; member of the Genetics Society of America)